Normal view MARC view

Entry Personal Name

Number of records used in: 1

001 - CONTROL NUMBER

  • control field: 4952

003 - CONTROL NUMBER IDENTIFIER

  • control field: RIC

005 - DATE AND TIME OF LATEST TRANSACTION

  • control field: 20260102102516.0

008 - FIXED-LENGTH DATA ELEMENTS

  • fixed length control field: 260102|| aca||aabn | a|a d

040 ## - CATALOGING SOURCE

  • Original cataloging agency: RIC
  • Transcribing agency: RIC

100 ## - HEADING--PERSONAL NAME

  • Personal name: S. Othman Kelantan
  • Dates associated with a name: 1938-2008

670 ## - SOURCE DATA FOUND

  • Source citation: Work cat.: (RIC)3118: S. Othman Kelantan 1938-2008, Angin Timur Laut / , 2024

Supported by RICOM